000 00445nam a2200181Ia 4500
001 10700
005 20260306161851.0
008 260306t1986||||xx |||||||||||||| ||spa||
041 _aESP
082 _a946.081
_bS17A
100 _aSalas Larrazabal, Ramón
_eAUT
245 0 _aHistoria general de la guerra de España
260 _c1986
300 _a435 páginas :
_c29 cm.
650 _aGEN
654 _aCHU
942 _cLIB
_dJUS
_fJUS
_2ddc
_n
999 _c10700
_d10700